แสดงรายละเอียดบรรณานุกรม
  กลับหน้าหลัก

Brief Record : Get Marc (ISO 2709) : E-mail record : QR code ปิดหน้าต่าง
E-books : เกี่ยวกับ Collections
LEADER 00000nam 2200000uu 4500
001    212157
003     ULIBM
008    020711s2561 th a 000 0 tha d
020    9786167741352
041    ^atha^beng
060  4 WB105 ว896 2561
245    เวชศาสตร์เขตเมืองเชิงประยุกต์=^bApplied urban medicine/^cบรรณาธิการ, จิระพงษ์ อังคะรา...[และคนอื่นๆ]
246 31 ^aApplied Urban Medicine
250    พิมพ์ครั้งที่ 1
260    กรุงเทพฯ :^bคณะแพทยศาสตร์วชิรพยาบาล มหาวิทยาลัยนวมินทราธิราช,^c2561
300    347 หน้า :^bภาพประกอบ ;^c25 ซม.
650  4 โรค^xการป้องกันและควบคุม
650  4 ^aการรักษาโรค
650  4 ^aการดูแลผู้ป่วย
650  4 ^aการบริหารองค์ความรู้
650  4 ^aเวชศาสตร์เขตเมือง
650  4 ^aเวชศาสตร์ชุมชน
700 0  ^aจิระพงษ์ อังคะรา,^eบรรณาธิการ
700 0  ^aสาธิต คูระทอง,^eบรรณาธิการ
700 0  ^aชาดากานต์ ผโลประการ,^eบรรณาธิการ
700 0  ^aเกรียงศักดิ์ ฟูนิลกุล,^eบรรณาธิการ
700 0  ^aปิยนันท์ เกื้อสกูล,^eบรรณาธิการ
710 2  ^aมหาวิทยาลัยนวมินทราธิราช. คณะแพทยศาสตร์วชิรพยาบาล.
856    ^zเวชศาสตร์เขตเมืองเชิงประยุกต์.pdf (สารบัญหนังสือ)^uhttp://110.164.94.213/ULIB62015//_fulltext/5/212157/20180809153821_657.pdf
999    ^aใช้งานได้ทุกระบบ
รายการนี้ยังไม่มีแท็ก
คุณยังไม่ได้ล็อกอิน คุณสามารถมีกิจกรรมร่วมกับเว็บไซต์ได้ แต่ต้องล็อกอินก่อน ::
  ล็อกอิน
ลำดับที่ ประเภท เลขเรียก สถานที่ สถานะ
1. หนังสือทั่วไป
หนังสือทั่วไป
WB105 ว896 2561  
  
การพยาบาลผู้ใหญ่ On Shelf
  ขอยืม
   [แสดง 1/1 รายการ]

รายการใกล้เคียง
    หัวเรื่อง [โรค การป้องกันและควบคุม]
    หัวเรื่อง [การรักษาโรค]
    หัวเรื่อง [การดูแลผู้ป่วย]
    หัวเรื่อง [การบริหารองค์ความรู้]
    หัวเรื่อง [เวชศาสตร์ชุมชน]

BibComment


ยังไม่เคยถูกคอมเมนท์

คอมเมนท์ทรัพยากรรายการนี้
  คอมเมนท์: เวชศาสตร์เขตเมือง..
Bib 212157

 
 
 

 Union Library Management : ULibM
Copyright 2026. All Rights Reserved.
скачать бесплатно без регистрации порно красивый секс HD Sex Hindi sex

xxx gou

xxxx

bfxxx

xxxwww

Секса Видео

xxxx

Секса Видео

detube

geilexxx

C99 Shell

worms shell

blod xxx video
Ebony Coed Rihanna Rimes Takes A Dick In Her Young Twat priyaa indian fuck anal and pusssy hardcore indian women xxx desi hardcore fucking part 1 bengalixxxcouple